[Event "TUR-chT 2nd League"]
[Site "Konya"]
[Date "2018.07.22"]
[Round "9.12"]
[White "Tofan, Ismail"]
[Black "Akalin, Bilgehan"]
[Result "1/2-1/2"]
[WhiteElo "1683"]
[BlackElo "1564"]
[PlyCount "123"]
[EventDate "2018.07.16"]
[EventType "team-swiss"]
[EventRounds "9"]
[EventCountry "TUR"]
[SourceTitle "EXT 2019"]
[Source "ChessBase"]
[SourceDate "2018.10.10"]
[SourceVersion "1"]
[SourceVersionDate "2018.10.10"]
[SourceQuality "1"]
[WhiteTeam "Mardin Kale"]
[BlackTeam "Calli Spor"]
[WhiteTeamCountry "TUR"]
[BlackTeamCountry "TUR"]

1. e4 c5 2. b3 Nf6 3. Nc3 d6 4. g3 g6 5. Bg2 Bg7 6. Nge2 0-0 7. 0-0 Nc6 8. Bb2 Bd7 9. Rb1 Qa5 10. Nd5 Nxd5 11. exd5 Nb4 12. a3 Na6 13. Bxg7 Kxg7 14. Ra1 Rac8 15. d4 Qb6 16. c4 cxd4 17. Qxd4+ Qxd4 18. Nxd4 Nc5 19. f4 b6 20. Rfe1 Rfe8 21. Re3 Kf6 22. Rae1 e5 23. fxe5+ Rxe5 24. Rf3+ Kg7 25. Ref1 f5 26. g4 Re4 27. Ne6+ Nxe6 28. dxe6 Bxe6 29. gxf5 Bxf5 30. Rg3 Re5 31. Rd1 Rd8 32. Rc3 Kf6 33. Bh3 Ke6 34. Bxf5+ Rxf5 35. Rh3 Rd7 36. Re3+ Re5 37. Rc3 Re2 38. Rcd3 Re5 39. b4 d5 40. Rd4 g5 41. R1d2 h6 42. Kg2 Rf5 43. h3 h5 44. Kh2 Re5 45. R2d3 Re4 46. Rxd5 Rxd5 47. Rxd5 Re5 48. Rd3 Re4 49. Rc3 Kd6 50. Rg3 g4 51. hxg4 hxg4 52. Rc3 a5 53. Kg3 axb4 54. axb4 Kc6 55. Rc1 b5 56. cxb5+ Kxb5 57. Rb1 Rd4 58. Kh4 Rf4 59. Rg1 Rxb4 60. Rg3 Kc5 61. Rxg4 Rxg4+ 62. Kxg4 1/2-1/2

[Event "TUR-chT 2nd League"]
[Site "Konya"]
[Date "2018.07.19"]
[Round "6.8"]
[White "Yilmaz, Cumhur"]
[Black "Akalin, Bilgehan"]
[Result "1-0"]
[WhiteElo "1641"]
[BlackElo "1564"]
[PlyCount "77"]
[EventDate "2018.07.16"]
[EventType "team-swiss"]
[EventRounds "9"]
[EventCountry "TUR"]
[SourceTitle "EXT 2019"]
[Source "ChessBase"]
[SourceDate "2018.10.10"]
[SourceVersion "1"]
[SourceVersionDate "2018.10.10"]
[SourceQuality "1"]
[WhiteTeam "Altin Hamle Corum"]
[BlackTeam "Calli Spor"]
[WhiteTeamCountry "TUR"]
[BlackTeamCountry "TUR"]

1. d4 d5 2. Nf3 c5 3. c3 cxd4 4. cxd4 Nc6 5. Nc3 g6 6. Bg5 Bg7 7. e3 Nf6 8. Bd3 0-0 9. a3 Re8 10. Bb5 a6 11. Bxc6 bxc6 12. Ne5 Qd6 13. Bf4 Qe6 14. Na4 Nd7 15. Nxd7 Bxd7 16. Nc5 Qg4 17. 0-0 Qxd1 18. Rfxd1 Ra7 19. Rac1 Rc8 20. Rc3 f6 21. Nd3 a5 22. Rb3 Bf5 23. Rb6 Bxd3 24. Rxd3 c5 25. Rc3 e5 26. Bg3 exd4 27. exd4 Re8 28. Re3 Rxe3 29. fxe3 cxd4 30. exd4 f5 31. Be5 Bh6 32. Kf2 a4 33. Ke2 Ra5 34. Kd1 Bf8 35. Rb8 Kf7 36. Rb7+ Kg8 37. Kc2 Ra6 38. Rb5 Rc6+ 39. Kd3 1-0